00297 a2200109 4500001000700000020000600007040001100013100004700024240005600071245005100127362000900178177819 a  cMagnum aMec - Ministerio da Educacao e do Desporto10aMoto perpetuo: movendo-se na direcao do futurolpor10aMoto perpetuo: movendo-se na direcao do futuro0 a1899